Kleidung auf Französisch - Statistiken

Allgemein
  • Dieses Quiz wurde 65 mal gespielt
    56 seit der letzten Aktualisierung
  • Das Durchschnittsergebnis liegt bei 6 aus 11
Antwortstatistiken
Bildquiz Hint Antwort % Korrekt
eine Jeans un jean
86%
eine Hose un pantalon
86%
ein Pullover un pull
77%
ein T-Shirt un t-shirt
70%
ein Hemd une chemise
68%
Ein Kleid une robe
66%
Die Schuhe des chaussures
59%
ein Rock une jupe
57%
Eine Jacke une veste
25%
eine Bluse un chemisier
20%
eine Mütze une casquette
18%
Keine übereinstimmenden Quizze gefunden
Verteilung der Resultate
Anzahl Personen mit jedem Resultat
Perzentil nach korrekt beantworteten Fragen
Ihre Resultats-Entwicklung
Sie haben dieses Quiz seit der letzten Aktualisierung nicht gespielt